| 000 | 00511nam a2200217Ia 4500 | ||
|---|---|---|---|
| 003 | OSt | ||
| 005 | 20230328150801.0 | ||
| 008 | 210423s2010 xx 000 0 und d | ||
| 020 | _a9780070648197 | ||
| 040 | _cAL | ||
| 041 | _aeng | ||
| 082 |
_223 _a540 _bCHAR |
||
| 100 |
_aCHANG (Raymond). _979099 |
||
| 245 | _aChemistry. | ||
| 250 | _a9 | ||
| 260 |
_aNew Delhi _bTata McGrawhill _c2010 |
||
| 300 |
_axxx,1063 I-13 _bPB |
||
| 365 |
_b525 _cINR |
||
| 906 | _aChemistry ; Chemistry. | ||
| 942 |
_2ddc _cBK |
||
| 999 |
_c154355 _d154355 |
||